000 00512nam a22001697a 4500
003 PILC
005 20151001083244.0
008 151001b xxu||||| |||| 00| 0 eng d
050 _aB 29
_b.C731 2009
100 _aCombes, L.M.V.
245 _aPocket philosophy :
_ba companion for beginners /
_cL.M.V. Combes.
260 _aQuezon City :
_bCentral Book Supply Inc.,
_c2009.
300 _a280 pages ;
_c24 cm.
500 _aIncludes bibliographical references.
650 _aPhilosophy.
942 _2lcc
_cBK
_kLOC
999 _c288791
_d288791